LEADER 01306nam a2200289 u 4500 001 000000079612 003 CaOOAMICUS 005 20070226123546.0 008 040608s2002 dcu u000 u eng u 020 $a0878408819 035 $a10998277 040 $aPUL$bita 100 1 $aCurran, Charles E.,$csac.$0(OLS)http://pul/name/53030 245 10$aCatholic social teaching, 1891-present :$ba historical, theological and ethical analysis /$cCharles E. Curran. 260 $aWashington, D.C. :$bGeorgetown University Press,$cc2002. 300 $aix, 261 p. ;$c23 cm 490 1 $aMoral traditions series 500 $aIndice : p. 253-261. 504 $aComprende bibliografia. 610 24$aChiesa cattolica$xDottrine$ySec. XX.$0(OLS)http://pul/subject/27644 830 0$aMoral traditions series.$0(OLS)http://pul/title/98952 850 $aPUL 852 $aPUL$W1$xSL Religione 3$y85$m261. 8 CURCH 1$j101847$nBK-PRI$qDDC 21$B101847$CPULBib$Z2$F101847 $HPUL94687 $82 941 1 $a9 996 $6020$a0878408819$9(OLS)http://pul/number/104780 996 $6245$aCatholic social teaching, 1891-present :$ba historical, theological and ethical analysis$9(OLS)http://pul/title/104260 996 $6260$aWashington, D.C. :$bGeorgetown University Press$9(OLS)http://pul/publisher/75485 LEADER 01115nam a2200265 u 4500 001 000000050545 003 CaOOAMICUS 005 20070226115233.0 008 000804s1991 fr u000 u fre u 020 $a220404296X 035 $a10853697 040 $aPUL(R)$bita 100 1 $aRolland, Philippe.$0(OLS)http://pul/name/25799 245 14$aLes ambassadeurs du Christ :$bMinistère pastoral et Nouveau Testament /$cPhilippe Rolland. 260 $aParis :$bLes Éditions du Cerf,$c1991. 300 $a147 p. ;$c23 cm 504 $aIndicazioni bibliografiche in nota. 630 04$aBiblia.$pN.T.$xStudio.$0(OLS)http://pul/subject/9390 850 $aPUL 852 $aPUL$W1$xDP1 Fondo Ciprotti$y59$m1534 D 39$j67012$nBK-PRI$b $qFondi$B67012$CPULBib$Z2$F67012 $H $81 941 1 $a1 961 $aINV: 0594. Fondo Ciprotti 996 $6020$a220404296X$9(OLS)http://pul/number/63983 996 $6245$aLes ambassadeurs du Christ :$bMinistère pastoral et Nouveau Testament$9(OLS)http://pul/title/68024 996 $6260$aParis :$bLes Éditions du Cerf$9(OLS)http://pul/publisher/47861